000 01476nam a2200325 c 4500
003 BLK
005 20180420214933.0
008 180412b bul|||||r ||||||| ||bul||
010 _aKNG00015967000
020 _a978-954-761-429-1
_bиздат.: ИнфоДар - на том(кн. 4)
040 _aBLK
041 _aBUL
_cBUL
072 7 _2bullib
_aН83
_xЧужда художествена литература Н
080 _aПолска литература
_b821.162.1
_x-322.9
_z821.162.1-322.9
100 1 _aСапковски, Анджей
_eпърви автор
_9118890
700 1 _aВелчев, Васил Константинов
_eпрев. от пол.
_9259119
139 _aСапковски, Анджей
_bС 19
245 1 0 _aВещерът
_bКн. 1 -
_cАнджей Сапковски; прев. от пол. Васил Константинов Велчев.
_nКн. 4
_pВреме на презрение
257 _aPOL
260 София
_c2009 -
_fЗа том: София : Симолини 94
300 _c20 см
380 _aX
659 _aН
760 1 _3- на том(кн. 4)
_aСапковски, Анджей
_dИнфоДар, 2009
_h437 с.
_nОриг. загл.: Czas pogardy / Andrzej Sapkovski
_tКн. 4 Време на презрение
852 _aЦб 251204
856 4 _qpdf
_u
856 4 _qpdf
_u
942 _cKNG
_n0
944 _aCR
_c16.03.2011
_kГеновева_Генчева
944 _aED
_c03.11.2016
_kВиолета_Тройчева
999 _c14265
_d14265